00609nam a2200205 a 45000010005000000030009000050050017000140080041000310400028000720820021001001000026001212450030001472600037001773000009002144900017002236500018002409420012002589990017002709520116002877373CO-ViMGA20230915225846.0141112s2004 ck r 000 u spa d aCO-ViMGAbspacCO-ViMGA04a658.8 R693bR6931 aRozes, Gilbert91241610aVenda más atienda mejor aBuenos Aires : bGranica, c1991 a19 p aAcción, 1214aVENTAS912714 2ddccBK c19330d19330 00102ddc40708002aMEVIECARbMEVIECARd2018-07-30l0o658.8 R693p03198r2018-07-30 00:00:00w2018-07-30yBK